000 02453 a2200397 4500
001 23701437
003 0199346
005 20251016145535.0
008 240521s2025 flu b 001 0 eng
010 _a 2024023325
020 _a9781032350790
020 _a9781032350806
020 _z9781003325192
020 _z9781032883182
035 _a23701437
040 _aDLC
_beng
_erda
_cDLC
_dDLC
042 _apcc
050 0 0 _aTA357
_b.S8626 2025
082 0 0 _a620.1/06
_223/eng/20240718
100 1 _aSultanian, Bijay K.,
_eauthor.
245 1 0 _aFluid mechanics :
_ban intermediate approach /
_cBijay K. Sultanian.
250 _aSecond edition.
263 _a2411
264 1 _aBoca Raton, FL :
_bCRC Press,
_c2025.
300 _axix, 370p.:
_bill.
336 _atext
_btxt
_2rdacontent
337 _aunmediated
_bn
_2rdamedia
338 _avolume
_bnc
_2rdacarrier
504 _aIncludes bibliographical references and index.
520 _a"Fluid Mechanics: An Intermediate Approach helps readers develop a physics-based understanding of complex flows and mathematically model them with accurate boundary conditions for numerical predictions. The new edition starts with a chapter reviewing key undergraduate concepts in fluid mechanics and thermodynamics, introducing the generalized conservation equation for differential and integral analyses. It concludes with a self-study chapter on computational fluid dynamics of turbulent flows, including physics-based postprocessing of 3D CFD results and entropy map generation for accurate interpretation and design applications. The book includes numerous worked examples and end-of-chapter problems for student practice. It also discusses how to numerically model compressible flow over all Mach numbers in a variable-area duct, accounting for friction, heat transfer, rotation, internal choking, and normal shock formation. The book is intended for graduate mechanical and aerospace engineering students taking courses in Fluid Mechanics and Gas Dynamics. Instructors will be able to utilize a Solutions Manual for their course"--
_cProvided by publisher.
650 0 _aFluid mechanics.
776 0 8 _iOnline version:
_aSultanian, Bijay K.
_tFluid mechanics.
_bSecond edition
_dBoca Raton, FL : CRC Press, 2025
_z9781003325192
_w(DLC) 2024023326
906 _a7
_bcbc
_corignew
_d1
_eecip
_f20
_gy-gencatlg
942 _2lcc
_cBK
999 _c43847
_d43847